000 00729nam a2200241Ia 4500
003 OSt
005 20220925192443.0
006 a|||||r|||| 00| 0
007 ta
008 220923b |||||||| |||| 00| 0 eng d
037 _cGeneral Book
040 _aRTL
_cRTL
_beng
041 _2eng
_aeng
082 _aX:89Q8: (B28), L4
100 _aSarkadi K
_9245227
245 0 _aMathematical methods of statistical quality contro
260 _aBudapest
_bAkademiai Kiado
_c1974
300 _ax, 415 Bibliography P 401-08, Appendix P 380-400
_ccm.
650 _aQuality Control
700 _a Vincze I
_9245228
942 _hX:89Q8: (B28), L4
_cGB
_2CC
999 _c522215
_d522215